000 00673nam a2200181 a 4500
008 100122s2008 ||||||||||||||||| || u
020 _a9780123706195
050 _aQD 516 Lea
100 _aDunn-Rankin, Derek
245 1 0 _aLean combustion: technology and control
_cedited by Derek Dunn-Rankin
260 _aAmsterdam:
_bElsevier
_c2008
300 _axi, 261p.: ill.
350 _a0.00
650 0 _aCHEMISTRY--HANDBOOKS, MANUALS, ETC
650 _aCOMBUSTION ENGINEERING
650 _aCOMBUSTION
995 _D0.00
_FCBU-MAIN LIBRARY (Kitwe)
_H1
_I0.00
_M1
_UAVAILABLE
_WFeb 24, 2010
_ZMain Library Open Access Collection
999 _c48999
_d48999